02181nam a22002417a 4500003000400000005001700004007000300021008004100024020003900065040002400104050002600128100003000154245006100184250001200245260006500257300002600322504005100348520130200399650005301701650006301754650006301817650005901880OSt20260513143251.0t|250213s2026 enk b 001 0 eng  a9781032656762cRM193.86qpaperback aMILA_ainbengcMILA00aKF390.5.C6bL563 20261 aLipschultz, Jeremy Harris10aSocial media law and ethics /cJeremy Harris Lipschultz. a2nd ed. aAbingdon, Oxon [UK] :bRoutledge, Taylor and Franics,c2026. axxv, 472 p. ;c27 cm. aIncludes bibliographical references and index. a"In this textbook, social media professor Jeremy Harris Lipschultz introduces students to the study of social media law and ethics, integrating legal concepts and ethical theories. This second edition explores freedom of expression, as it applies to students, media industry professionals, content creators and audience members. Key issues and practices covered include copyright law, data privacy, defamation, global law and ethics, generative AI, government censorship, social media platform rules, and employer policies. The book also addresses the U.S. government TikTok law and other recent regulation. Research techniques are also used to suggest future trends in social media law and ethics. Touching on themes and topics of significant contemporary relevance, this accessible textbook can be used in standalone law and ethics courses, as well as emerging social media courses that are disrupting traditional public relations, advertising, marketing and journalism curricula. Case studies, discussion questions, and online resources help students engage with the practicalities, complexities and ambiguities of this future-oriented area of media law, making this an ideal textbook for students of media law, policy and ethics, mass media, and communication studies"-- Provided by publisher.0 aSocial mediaxLaw and legislationzUnited States0 aOnline social networksxLaw and legislationzUnited States0 aInformation technologyxLaw and legislationzUnited States0 aSocial mediaxMoral and ethical aspectszUnited States